000 00774nam a2200229 a 4500
001 47828
003 BD-RjUL
005 20211209054412.0
008 160810s1999 bg ||||| |||| 00| p ben d
020 _c: Tk. 50.00
035 _a(BD-RjUL) 47947
040 _aBD-RjUL
_bben
_cBD-RjUL
041 _aben
082 _223
_a891.441
_bISA 1999
100 1 _aইসলাম, আনোয়ারুল
_9144765
245 1 0 _aঅশ্রুত গান্ধার /
_cআনোয়ারুল ইসলাম
260 _aঢাকা :
_bআরক আর্ট মিডিয়া,
_c১৯৯৯
300 _a৫৬ পৃ. ;
_c২১ সেমি.
650 _aবাংলা কবিতা
_9145217
650 _aBengali Poetry
_9145218
942 _2ddc
_cBK
999 _c47828
_d47828